| 000 | 01182nam a22001577a 4500 | ||
|---|---|---|---|
| 041 | _aukr | ||
| 080 | _a09 | ||
| 090 | _bКАЛ | ||
| 100 | _aКаленюк О.В. | ||
| 245 | _aЕтична проблематика в драматургії Едварда Олбі | ||
| 260 |
_aОстрог _bКАФ _c2007 |
||
| 300 | _a70 | ||
| 520 |
_aВСТУП
РОЗДІЛ 1 АБСУРДИЗМ ЯК ЛІТЕРАТУРНИЙ НАПРЯМ СЕРЕДИНИ 20 СТОЛІТТЯ
1.1 Передумови виникнення та розвиток стилю абсурдизму в Європі.
1.2 Особливості американського стилю абсурдизму.
РОЗДІЛ 2 ЕДВАРД ОЛБІ ОСНОВОПОЛОЖНИК АМЕРИКАНСЬКОГО СТИЛЮ АБСУРДИЗМУ
2.1 "Історія в зоопарку" перший твір абсурдизму.
2.2 Структурний аналіз драми "Хто боїться Вірджинії Вульф?"
2.3 "Все скінчено" мотиви пєси.
ВИСНОВКИ _0Абсурдизм,Едвард Олбі,Вірджинія Вульф |
||
| 650 | _aResearch Papers | ||
| 999 |
_c283933 _d283933 |
||
| 942 | _cBK | ||